| 000 | 02709nam a22003137a 4500 | ||
|---|---|---|---|
| 005 | 20120620114149.0 | ||
| 010 | _aB-483492-496 | ||
| 020 |
_a9788179754054 _c800.00 |
||
| 035 | _aB-483492-496 | ||
| 037 | _bके.के.पब्लिकेशंस | ||
| 082 | _a809.89287 | ||
| 100 |
_aचतुर्वेदी, जगदीश्वर _952959 |
||
| 245 |
_aस्त्रीवादी साहित्य विमर्श/ _c जगदीश्वर चतुर्वेदी |
||
| 260 |
_aनई दिल्ली _bअनामिका पब्लिशर्स _c2011 |
||
| 270 |
_a4697/3, 21 ए, अंसारी रोड, दरियागंज _bनई दिल्ली _e110002 _k23281655 |
||
| 300 |
_a viii,384 पृ. _c22 सें.मी.(सजिल्द) |
||
| 700 | _949220 | ||
| 700 |
_aमेहरोत्रा, गीतिका _949321 |
||
| 700 |
_aश्रीवास्तव, सुहासिनी _949322 |
||
| 700 |
_aमिश्र, यतीन्द्र _949266 |
||
| 942 |
_2ddc _cHN _mचतुर्वे _h809.89287 |
||
| 999 |
_c68076 _d68076 |
||